Motivation in education : Theory, research, and applications (Record no. 1384425)

MARC details
000 -LEADER
fixed length control field 00693nam a2200229Ia 4500
005 - DATE AND TIME OF LATEST TRANSACTION
control field 20250508163629.0
008 - FIXED-LENGTH DATA ELEMENTS--GENERAL INFORMATION
fixed length control field 008 250505s9999 xx 000 0 eng d
020 ## - INTERNATIONAL STANDARD BOOK NUMBER
International Standard Book Number 0-02-395621-6
037 ## - SOURCE OF ACQUISITION
Stock number TextBook
040 ## - CATALOGING SOURCE
Original cataloging agency FEDL
Language of cataloging eng
Transcribing agency FEDL
041 ## - LANGUAGE CODE
Language code of text/sound track or separate title eng
Source of code eng
084 ## - COLON CLASSIFICATION NUMBER
Classification number 153.8, PIN
Assigning agency FEDL
100 ## - MAIN ENTRY--PERSONAL NAME
Personal name Pintrich Paul R
9 (RLIN) 775823
245 #0 - TITLE STATEMENT
Title Motivation in education : Theory, research, and applications
260 ## - PUBLICATION, DISTRIBUTION, ETC.
Place of publication, distribution, etc. New Jersey, USA
Name of publisher, distributor, etc. Prentice Hall
Date of publication, distribution, etc. 1996
300 ## - PHYSICAL DESCRIPTION
Extent xiv,434p
365 ## - TRADE PRICE
Price type code USD
Price amount 39.5
650 ## - SUBJECT ADDED ENTRY--TOPICAL TERM
Topical term or geographic name entry element Motivation-Psychology; Motivation in Education
9 (RLIN) 775824
700 ## - ADDED ENTRY--PERSONAL NAME
Personal name Schunk Dale H
9 (RLIN) 775825
942 ## - ADDED ENTRY ELEMENTS (KOHA)
Koha item type Textbook
Classification part 153.8, PIN
Holdings
Withdrawn status Lost status Damaged status Not for loan Home library Current library Date acquired Cost, normal purchase price Total Checkouts Full call number Barcode Date last seen Price effective from Koha item type
        Department of Education Library Department of Education Library 2025-05-08 39.50   153.8, PIN EL0077890 2025-05-08 2025-05-08 Textbook
Copyright @ Delhi University Library System